000 00209nam a22000857a 4500
999 _c17367
_d17367
003 ASAB
005 20180116112813.0
008 150917t xxu||||| |||| 00| 0 eng d
020 _681-7754-194-3
040 _cASAB
082 _a615.19
100 _aS.S. Purohit
_91179
245 _aPharmaceutical biotechnology
_cS S Purohit; H. N. Kakrani; A.K. Saluja
260 _aIndia.
_bAgrobios India.
_c2010
300 _a528 P.
630 _aPharmaceutical Biotechnology
_98444
942 _2ddc
_cBK